[Event "Gatineau op"]
[Site "Gatineau CAN"]
[Date "2013.03.03"]
[Round "5"]
[White "Valdizon, Armando"]
[Black "Hamilton, Robert"]
[Result "1/2-1/2"]
[WhiteElo "2225"]
[BlackElo "2360"]
[PlyCount "37"]
[GameId "2160767909381512"]
[EventDate "2013.03.01"]
[EventType "swiss"]
[EventRounds "5"]
[EventCountry "CAN"]
[SourceTitle "EXT 2022"]
[Source "ChessBase"]
[SourceDate "2021.10.06"]
[SourceVersion "1"]
[SourceVersionDate "2021.10.06"]
[SourceQuality "1"]

1. Nf3 g6 2. c4 Bg7 3. g3 d6 4. Bg2 e5 5. d4 Nc6 6. dxe5 dxe5 7. Qxd8+ Kxd8 8. Nc3 Be6 9. Nd5 Nd4 10. Nxd4 exd4 11. Bf4 Rc8 12. Nb4 Ne7 13. c5 a5 14. Nc2 Bd5 15. Bxd5 Nxd5 16. O-O-O Nxf4 17. gxf4 c6 18. Nxd4 Kc7 19. Rd3 1/2-1/2

[Event "Gatineau op"]
[Site "Gatineau CAN"]
[Date "2013.03.03"]
[Round "5"]
[White "Voloaca, Mihnea"]
[Black "Kalra, Agastya"]
[Result "1/2-1/2"]
[WhiteElo "2361"]
[BlackElo "2101"]
[PlyCount "38"]
[GameId "2160767909381513"]
[EventDate "2013.03.01"]
[EventType "swiss"]
[EventRounds "5"]
[EventCountry "CAN"]
[SourceTitle "EXT 2022"]
[Source "ChessBase"]
[SourceDate "2021.10.06"]
[SourceVersion "1"]
[SourceVersionDate "2021.10.06"]
[SourceQuality "1"]

1. c4 Nf6 2. g3 c5 3. Bg2 d5 4. cxd5 Nxd5 5. Nc3 Nc7 6. Nf3 Nc6 7. O-O e5 8. d3 Be7 9. Be3 O-O 10. Rc1 Ne6 11. Na4 Qa5 12. a3 Ned4 13. Nxd4 Nxd4 14. Nc3 Be6 15. Nd5 Qd8 16. Nxe7+ Qxe7 17. Rc3 Bg4 18. Re1 Rac8 19. Qd2 b6 1/2-1/2

[Event "Gatineau op"]
[Site "Gatineau CAN"]
[Date "2013.03.03"]
[Round "5"]
[White "Wan, Kevin"]
[Black "De Kerpel, Stijn"]
[Result "0-1"]
[WhiteElo "2162"]
[BlackElo "2128"]
[PlyCount "70"]
[GameId "2160767909381514"]
[EventDate "2013.03.01"]
[EventType "swiss"]
[EventRounds "5"]
[EventCountry "CAN"]
[SourceTitle "EXT 2022"]
[Source "ChessBase"]
[SourceDate "2021.10.06"]
[SourceVersion "1"]
[SourceVersionDate "2021.10.06"]
[SourceQuality "1"]

1. g3 d5 2. d4 Nc6 3. Bg2 Nf6 4. Nf3 g6 5. O-O Bg7 6. b3 O-O 7. Bb2 Bf5 8. e3 Nb4 9. Ne1 c6 10. Nd2 Re8 11. a3 Na6 12. Nef3 Nd7 13. Nh4 Be6 14. c4 Nb6 15. Qc2 c5 16. dxc5 Bxb2 17. Qxb2 Nxc5 18. Qd4 dxc4 19. Qxc5 Qxd2 20. Bxb7 Rab8 21. Be4 cxb3 22. Rad1 Qb2 23. f4 Bg4 24. Rd4 Rbc8 25. Qg5 Bh3 26. f5 Qe2 27. Bd3 Qh5 28. Qf4 g5 29. Qe5 Bxf1 30. Bxf1 gxh4 31. h3 f6 32. Rg4+ Kf8 33. Qf4 Rc1 34. Qb4 Qxf5 35. Rf4 Nd5 0-1

[Event "Gatineau op U1600"]
[Site "Gatineau CAN"]
[Date "2013.03.01"]
[Round "1"]
[White "Godbout, Alain J"]
[Black "Legare, Gilles"]
[Result "1-0"]
[WhiteElo "1310"]
[BlackElo "1056"]
[PlyCount "99"]
[GameId "2160767909381515"]
[EventDate "2013.03.01"]
[EventType "swiss"]
[EventRounds "5"]
[EventCountry "CAN"]
[SourceTitle "EXT 2022"]
[Source "ChessBase"]
[SourceDate "2021.10.06"]
[SourceVersion "1"]
[SourceVersionDate "2021.10.06"]
[SourceQuality "1"]

1. d4 Nf6 2. c4 e6 3. Nc3 Bb4 4. Bd2 c6 5. Nf3 b6 6. e4 Bxc3 7. Bxc3 Nxe4 8. Bd3 Nxc3 9. bxc3 d6 10. O-O Nd7 11. Qc2 g6 12. Rfe1 O-O 13. Qd2 Qf6 14. Rab1 Qg7 15. Qf4 e5 16. Qe4 Bb7 17. dxe5 Nxe5 18. Nxe5 dxe5 19. Qxe5 c5 20. Qxg7+ Kxg7 21. Re7 Bc6 22. f3 Rae8 23. Rxa7 Re3 24. Rxb6 Rc8 25. Be4 Bxe4 26. fxe4 Rxe4 27. Rbb7 Rf8 28. a4 Rxc4 29. a5 Rxc3 30. Rc7 Rc1+ 31. Kf2 c4 32. a6 Rc2+ 33. Kf3 Rc3+ 34. Ke4 Re8+ 35. Kd5 Rd8+ 36. Kc5 Rf8 37. Rab7 Rb3 38. Kxc4 Rxb7 39. Rxb7 Rc8+ 40. Kd5 Rd8+ 41. Kc6 Kf6 42. a7 Ra8 43. Kb6 Re8 44. Rc7 Kg7 45. Kb7 Re2 46. a8=Q Rb2+ 47. Kc8 Rf2 48. Qa1+ Kg8 49. Qe5 f6 50. Qe8# 1-0

[Event "Gatineau op U1600"]
[Site "Gatineau CAN"]
[Date "2013.03.01"]
[Round "1"]
[White "Ketata, Nabil"]
[Black "Senecal, Jean-Pierre"]
[Result "0-1"]
[WhiteElo "926"]
[BlackElo "1509"]
[PlyCount "76"]
[GameId "2160767909381516"]
[EventDate "2013.03.01"]
[EventType "swiss"]
[EventRounds "5"]
[EventCountry "CAN"]
[SourceTitle "EXT 2022"]
[Source "ChessBase"]
[SourceDate "2021.10.06"]
[SourceVersion "1"]
[SourceVersionDate "2021.10.06"]
[SourceQuality "1"]

1. Nc3 d5 2. Nf3 Nc6 3. e4 d4 4. Nd5 Nf6 5. Nxf6+ exf6 6. Bc4 Bg4 7. d3 Bd6 8. Bd5 Qc8 9. h3 Bxf3 10. Qxf3 Ne5 11. Qh5 c6 12. Bb3 O-O 13. Bf4 Bb4+ 14. Kf1 Ng6 15. Bg3 a5 16. a3 Bd2 17. Bd6 Re8 18. Rd1 Qd7 19. Bc5 Re5 20. Qe2 a4 21. Ba2 Ba5 22. h4 Rxc5 23. h5 Nf4 24. Qf3 Bc7 25. h6 g5 26. Re1 Rxc2 27. Rh5 Nxh5 28. Qxh5 Rxb2 29. Bc4 b5 30. g3 bxc4 31. dxc4 Ba5 32. e5 Bxe1 33. exf6 Rxf2+ 34. Kg1 Qf5 35. g4 Rf1+ 36. Kh2 Qf4+ 37. Kg2 Qf3+ 38. Kh2 Qh1# 0-1

[Event "Gatineau op U1600"]
[Site "Gatineau CAN"]
[Date "2013.03.01"]
[Round "1"]
[White "Latreille, Etienne"]
[Black "Lukezich, John"]
[Result "1-0"]
[WhiteElo "1046"]
[BlackElo "1380"]
[PlyCount "59"]
[GameId "2160767909381517"]
[EventDate "2013.03.01"]
[EventType "swiss"]
[EventRounds "5"]
[EventCountry "CAN"]
[SourceTitle "EXT 2022"]
[Source "ChessBase"]
[SourceDate "2021.10.06"]
[SourceVersion "1"]
[SourceVersionDate "2021.10.06"]
[SourceQuality "1"]

1. e4 e5 2. Bc4 Nf6 3. Nf3 Nxe4 4. Nxe5 d5 5. Qf3 Be6 6. d3 Nxf2 7. Qxf2 dxc4 8. O-O Be7 9. Nxf7 Bxf7 10. Qxf7+ Kd7 11. Qxc4 Kc8 12. Rf7 Nd7 13. Bf4 c6 14. a4 Re8 15. a5 Bf6 16. a6 Qb6+ 17. Kf1 Bxb2 18. Ra2 Bd4 19. Nd2 Bg1 20. axb7+ Qxb7 21. Kxg1 Qb6+ 22. Kf1 a5 23. Ra1 g5 24. Bg3 h5 25. Ne4 Kd8 26. Nd6 h4 27. Bxh4 gxh4 28. Nxe8 Ne5 29. Qxh4+ Kxe8 30. Qe7# 1-0

[Event "Gatineau op U1600"]
[Site "Gatineau CAN"]
[Date "2013.03.01"]
[Round "1"]
[White "Simard, Paul"]
[Black "Grimberg, Iddo"]
[Result "1-0"]
[WhiteElo "1046"]
[BlackElo "667"]
[PlyCount "45"]
[GameId "2160767909381518"]
[EventDate "2013.03.01"]
[EventType "swiss"]
[EventRounds "5"]
[EventCountry "CAN"]
[SourceTitle "EXT 2022"]
[Source "ChessBase"]
[SourceDate "2021.10.06"]
[SourceVersion "1"]
[SourceVersionDate "2021.10.06"]
[SourceQuality "1"]

1. e4 Nc6 2. Nf3 e5 3. Bc4 Nge7 4. Ng5 d5 5. exd5 Nxd5 6. d3 Be7 7. Ne4 f5 8. Ng3 g6 9. O-O b6 10. Nc3 Nxc3 11. bxc3 Bb7 12. Bb5 Bf6 13. d4 exd4 14. Qf3 Qd7 15. Re1+ Kf7 16. Ba3 a6 17. Bc4+ Kg7 18. Qf4 dxc3 19. Bc1 h6 20. Ba3 Qd2 21. Qxc7+ Ne7 22. Rxe7+ Bxe7 23. Qxe7# 1-0

[Event "Gatineau op U1600"]
[Site "Gatineau CAN"]
[Date "2013.03.02"]
[Round "2"]
[White "Labelle, Julien Sylvain"]
[Black "Simard, Paul"]
[Result "0-1"]
[WhiteElo "928"]
[BlackElo "1046"]
[PlyCount "62"]
[GameId "2160767909381521"]
[EventDate "2013.03.01"]
[EventType "swiss"]
[EventRounds "5"]
[EventCountry "CAN"]
[SourceTitle "EXT 2022"]
[Source "ChessBase"]
[SourceDate "2021.10.06"]
[SourceVersion "1"]
[SourceVersionDate "2021.10.06"]
[SourceQuality "1"]

1. e4 e5 2. Nf3 Nc6 3. Bc4 h6 4. O-O Nf6 5. Nc3 Bc5 6. d4 Nxd4 7. Nxd4 exd4 8. Nd5 Nxe4 9. Qe2 f5 10. Qh5+ Kf8 11. Qxf5+ Nf6 12. Nxf6 Qxf6 13. Qxc5+ d6 14. Qxc7 Qe5 15. Qd8+ Qe8 16. Qxd6+ Qe7 17. Qf4+ Qf6 18. Qc7 Be6 19. Qc5+ Kf7 20. Qc7+ Kg6 21. Bd3+ Bf5 22. Qg3+ Kh7 23. Bg5 Qxg5 24. Bxf5+ Qxf5 25. Rae1 Rhe8 26. f3 Qxc2 27. Rc1 Qg6 28. Rc7 b5 29. Qf2 d3 30. Rfc1 Re2 31. Qc5 Qxg2# 0-1

[Event "Gatineau op U1600"]
[Site "Gatineau CAN"]
[Date "2013.03.02"]
[Round "3"]
[White "Godbout, Alain J"]
[Black "Labelle, Julien Sylvain"]
[Result "1-0"]
[WhiteElo "1310"]
[BlackElo "928"]
[PlyCount "51"]
[GameId "2160767909381523"]
[EventDate "2013.03.01"]
[EventType "swiss"]
[EventRounds "5"]
[EventCountry "CAN"]
[SourceTitle "EXT 2022"]
[Source "ChessBase"]
[SourceDate "2021.10.06"]
[SourceVersion "1"]
[SourceVersionDate "2021.10.06"]
[SourceQuality "1"]

1. d4 d5 2. c4 c5 3. e3 e6 4. Nf3 Nc6 5. Nc3 Nf6 6. Bd3 Bd6 7. O-O O-O 8. Qc2 g6 9. h3 Qc7 10. cxd5 exd5 11. Nb5 Nb4 12. Qb3 Qc6 13. dxc5 Bxc5 14. Ne5 Qc7 15. Nxc7 Rb8 16. Bd2 Bd6 17. Nb5 Bxe5 18. Qxb4 Nd7 19. Bc3 d4 20. Bxd4 a5 21. Qe7 Bg7 22. Nd6 f6 23. Bc4+ Kh8 24. Ne8 Rg8 25. Bxg8 Kxg8 26. Qxg7# 1-0

[Event "Gatineau op U1600"]
[Site "Gatineau CAN"]
[Date "2013.03.02"]
[Round "3"]
[White "Latreille, Etienne"]
[Black "Grimberg, Iddo"]
[Result "1-0"]
[WhiteElo "1046"]
[BlackElo "667"]
[PlyCount "53"]
[GameId "2160767909381524"]
[EventDate "2013.03.01"]
[EventType "swiss"]
[EventRounds "5"]
[EventCountry "CAN"]
[SourceTitle "EXT 2022"]
[Source "ChessBase"]
[SourceDate "2021.10.06"]
[SourceVersion "1"]
[SourceVersionDate "2021.10.06"]
[SourceQuality "1"]

1. e4 e5 2. Bc4 Nf6 3. d3 d5 4. exd5 Nxd5 5. Qf3 Be6 6. Nh3 Be7 7. a3 c6 8. Qg3 Bf6 9. Bg5 Bxh3 10. Bxf6 Qxf6 11. gxh3 Nd7 12. Nd2 O-O 13. O-O-O b5 14. Ba2 Qe7 15. Rhg1 g6 16. h4 Nf4 17. h5 Nxh5 18. Qf3 Nf4 19. Rde1 c5 20. Qxf4 Qf6 21. Qxf6 Nxf6 22. Rxe5 Rac8 23. Rg3 Rfe8 24. Rxe8+ Rxe8 25. c3 h5 26. Rxg6+ Kh7 27. Rxf6 1-0

[Event "Gatineau op U1600"]
[Site "Gatineau CAN"]
[Date "2013.03.02"]
[Round "3"]
[White "Legare, Gilles"]
[Black "Traversy, Pierre"]
[Result "1-0"]
[WhiteElo "1056"]
[BlackElo "859"]
[PlyCount "90"]
[GameId "2160767909381525"]
[EventDate "2013.03.01"]
[EventType "swiss"]
[EventRounds "5"]
[EventCountry "CAN"]
[SourceTitle "EXT 2022"]
[Source "ChessBase"]
[SourceDate "2021.10.06"]
[SourceVersion "1"]
[SourceVersionDate "2021.10.06"]
[SourceQuality "1"]

1. e4 e5 2. Nf3 Nc6 3. d3 Be7 4. Nc3 Nf6 5. Bg5 d5 6. Bxf6 Bxf6 7. Nxd5 Bg4 8. Be2 Be6 9. Nxf6+ Qxf6 10. c3 O-O 11. O-O a6 12. b4 Rad8 13. Qc2 b5 14. a4 Ne7 15. axb5 axb5 16. c4 bxc4 17. dxc4 c6 18. Ra5 Ng6 19. Qc3 Nf4 20. Qe3 Qg6 21. Nh4 Qg5 22. g3 Bh3 23. Kh1 Ne6 24. Qxg5 Nxg5 25. Re1 Nxe4 26. Rxe5 Nxf2+ 27. Kg1 Rfe8 28. Rxe8+ Rxe8 29. Kxf2 h6 30. Ng2 g5 31. g4 Rf8 32. Ne3 h5 33. gxh5 Be6 34. h6 Kh7 35. Ng4 Bxg4 36. Bxg4 Kxh6 37. Bf5 Rb8 38. Rb1 c5 39. b5 Kg7 40. Kg3 Kf6 41. Be4 Ke5 42. Bd5 Kd4 43. h4 Rb6 44. hxg5 Kd3 45. Kf4 Kd2 1-0

[Event "Gatineau op U1600"]
[Site "Gatineau CAN"]
[Date "2013.03.02"]
[Round "3"]
[White "Simard, Paul"]
[Black "Barlow Wilkes, Curtis"]
[Result "0-1"]
[WhiteElo "1046"]
[BlackElo "1490"]
[PlyCount "136"]
[GameId "2160767909381526"]
[EventDate "2013.03.01"]
[EventType "swiss"]
[EventRounds "5"]
[EventCountry "CAN"]
[SourceTitle "EXT 2022"]
[Source "ChessBase"]
[SourceDate "2021.10.06"]
[SourceVersion "1"]
[SourceVersionDate "2021.10.06"]
[SourceQuality "1"]

1. e4 e6 2. d4 d5 3. e5 c5 4. c4 cxd4 5. Qxd4 Nc6 6. Qd1 dxc4 7. Qa4 Qa5+ 8. Qxa5 Nxa5 9. Bd2 Nc6 10. Nf3 Nge7 11. Bxc4 Ng6 12. O-O Ngxe5 13. Nxe5 Nxe5 14. Bb3 Be7 15. Nc3 O-O 16. Nb5 Bd7 17. Nd4 Rac8 18. Rfe1 Bf6 19. Bb4 Nd3 20. Bxf8 Nxe1 21. Bd6 Bxd4 22. Rxe1 Bxb2 23. Bf4 Bc6 24. Rd1 Bf6 25. Rc1 Rd8 26. h3 Bd4 27. Bg5 Bf6 28. Bxf6 gxf6 29. Rc3 f5 30. Rc4 Bd5 31. Rd4 Kf8 32. Bxd5 Rxd5 33. Rh4 Kg7 34. f4 Ra5 35. Rh5 Rxa2 36. Rg5+ Kh6 37. h4 Ra4 38. g3 Ra2 39. Rg8 b5 40. Rb8 a6 41. Rb7 Kg7 42. h5 h6 43. Kf1 Ra4 44. Ra7 a5 45. Ke2 b4 46. Kd2 Ra2+ 47. Kc1 b3 48. Kb1 a4 49. Rb7 Rg2 50. Ra7 Rxg3 51. Rxa4 Rh3 52. Kb2 Kf6 53. Rb4 Rf3 54. Rxb3 Rxb3+ 55. Kxb3 e5 56. fxe5+ Kxe5 57. Kc3 Kf4 58. Kd4 Kg3 59. Ke5 f4 60. Kf5 f3 61. Kf6 Kg4 62. Kxf7 f2 63. Kg6 f1=Q 64. Kxh6 Qf6+ 65. Kh7 Kxh5 66. Kg8 Qe7 67. Kh8 Kg6 68. Kg8 Qe8# 0-1

[Event "Gatineau op U1600"]
[Site "Gatineau CAN"]
[Date "2013.03.03"]
[Round "4"]
[White "Barlow Wilkes, Curtis"]
[Black "Godbout, Alain J"]
[Result "1-0"]
[WhiteElo "1490"]
[BlackElo "1310"]
[PlyCount "83"]
[GameId "2160767909381527"]
[EventDate "2013.03.01"]
[EventType "swiss"]
[EventRounds "5"]
[EventCountry "CAN"]
[SourceTitle "EXT 2022"]
[Source "ChessBase"]
[SourceDate "2021.10.06"]
[SourceVersion "1"]
[SourceVersionDate "2021.10.06"]
[SourceQuality "1"]

1. e4 e5 2. Nf3 Nc6 3. d4 d6 4. Bc4 Bg4 5. h3 Bxf3 6. Qxf3 Nf6 7. Qb3 Qd7 8. d5 Nd4 9. Qxb7 Rd8 10. Be3 a5 11. c3 c6 12. Qxd7+ Nxd7 13. cxd4 cxd5 14. Bd3 dxe4 15. Bxe4 Be7 16. Nc3 O-O 17. O-O Rb8 18. b3 Rfc8 19. Nd5 Bf8 20. Rac1 g6 21. dxe5 dxe5 22. Rxc8 Rxc8 23. Rc1 Rxc1+ 24. Bxc1 f5 25. Bd3 e4 26. Bc4 Kg7 27. Nf4 Be7 28. Ne6+ Kf7 29. Nc5+ Ke8 30. Nxd7 Kxd7 31. Bd2 Bb4 32. Bxb4 axb4 33. Kf1 Kd6 34. Ke2 Ke5 35. g3 h6 36. h4 g5 37. hxg5 hxg5 38. f3 exf3+ 39. Kxf3 g4+ 40. Ke3 Kf6 41. Kf4 Kg6 42. Bd3 1-0

[Event "Gatineau op U1600"]
[Site "Gatineau CAN"]
[Date "2013.03.03"]
[Round "4"]
[White "Labelle, Julien Sylvain"]
[Black "Ketata, Nabil"]
[Result "1-0"]
[WhiteElo "928"]
[BlackElo "926"]
[PlyCount "59"]
[GameId "2160767909381528"]
[EventDate "2013.03.01"]
[EventType "swiss"]
[EventRounds "5"]
[EventCountry "CAN"]
[SourceTitle "EXT 2022"]
[Source "ChessBase"]
[SourceDate "2021.10.06"]
[SourceVersion "1"]
[SourceVersionDate "2021.10.06"]
[SourceQuality "1"]

1. e4 Nc6 2. Nf3 d5 3. Nc3 Nf6 4. d4 Bg4 5. Be2 e6 6. O-O dxe4 7. Ne5 Nxe5 8. dxe5 Nd5 9. Bxg4 Qd7 10. Nxd5 O-O-O 11. c4 c6 12. Qd4 h5 13. Qxa7 cxd5 14. Be3 d4 15. Rac1 dxe3 16. Qa8+ Kc7 17. Qa5+ Kb8 18. Rfd1 Bd6 19. Rxd6 Qc7 20. Rb6 exf2+ 21. Kf1 hxg4 22. c5 e3 23. c6 Kc8 24. cxb7+ Kd7 25. Rd1+ Ke7 26. Qa3+ Ke8 27. Qa4+ Rd7 28. b8=Q+ Qxb8 29. Rxb8+ Ke7 30. Qxd7# 1-0

[Event "Gatineau op U1600"]
[Site "Gatineau CAN"]
[Date "2013.03.03"]
[Round "4"]
[White "Legare, Gilles"]
[Black "Lukezich, John"]
[Result "0-1"]
[WhiteElo "1056"]
[BlackElo "1380"]
[PlyCount "84"]
[GameId "2160767909381529"]
[EventDate "2013.03.01"]
[EventType "swiss"]
[EventRounds "5"]
[EventCountry "CAN"]
[SourceTitle "EXT 2022"]
[Source "ChessBase"]
[SourceDate "2021.10.06"]
[SourceVersion "1"]
[SourceVersionDate "2021.10.06"]
[SourceQuality "1"]

1. e4 e5 2. Nf3 Nc6 3. Nc3 Nf6 4. a3 Bc5 5. Nxe5 Nxe5 6. d4 Bd6 7. dxe5 Bxe5 8. Bd3 c6 9. Bd2 d6 10. Be2 Qb6 11. b4 d5 12. Na4 Qc7 13. Bc3 d4 14. Bb2 Bxh2 15. Bf3 Be5 16. Nc5 O-O 17. Nd3 Rd8 18. Bc1 h6 19. Ke2 Re8 20. Rh4 Bd6 21. Qh1 Kf8 22. Kf1 Ng8 23. Bg4 Rxe4 24. f3 Re8 25. Bxc8 Qxc8 26. Rxd4 Qe6 27. Bf4 Qe2+ 28. Kg1 Bxf4 29. Rxf4 Rad8 30. Qh5 Qe7 31. Re1 Qc7 32. Rxe8+ Rxe8 33. Kh2 g5 34. Qg4 gxf4 35. Nc5 Nf6 36. Qf5 Qd6 37. Qxf6 Qxf6 38. Nd7+ Ke7 39. Nxf6 Kxf6 40. c4 Re3 41. a4 Rb3 42. b5 cxb5 0-1

[Event "Gatineau op U1600"]
[Site "Gatineau CAN"]
[Date "2013.03.03"]
[Round "4"]
[White "Senecal, Jean-Pierre"]
[Black "Simard, Paul"]
[Result "1-0"]
[WhiteElo "1509"]
[BlackElo "1046"]
[PlyCount "97"]
[GameId "2160767909381530"]
[EventDate "2013.03.01"]
[EventType "swiss"]
[EventRounds "5"]
[EventCountry "CAN"]
[SourceTitle "EXT 2022"]
[Source "ChessBase"]
[SourceDate "2021.10.06"]
[SourceVersion "1"]
[SourceVersionDate "2021.10.06"]
[SourceQuality "1"]

1. e4 e5 2. c3 Nf6 3. Nf3 Nc6 4. Qc2 Bc5 5. Bb5 O-O 6. d3 h6 7. O-O d5 8. Be3 Bxe3 9. fxe3 dxe4 10. dxe4 a6 11. Bc4 b5 12. Bb3 Na5 13. Nbd2 Bb7 14. Rad1 Qe7 15. Nh4 Nxb3 16. Qxb3 Ng4 17. Ng6 Qc5 18. Nxf8 Qxe3+ 19. Kh1 Nf2+ 20. Rxf2 Rxf8 21. Rdf1 Kh7 22. Qd1 Qc5 23. Rxf7 Rxf7 24. Rxf7 Qe3 25. Qf1 Bc8 26. Rxc7 Bg4 27. h3 Bh5 28. Rd7 Qg3 29. Re7 Qg5 30. Qf5+ Qxf5 31. exf5 a5 32. g4 Bg6 33. h4 h5 34. fxg6+ Kxg6 35. Re6+ Kf7 36. Rxe5 hxg4 37. Rxb5 g6 38. c4 Kg7 39. h5 gxh5 40. Rxh5 Kg6 41. Rxa5 g3 42. Kg2 Kh6 43. Kxg3 Kg6 44. Kf4 Kf6 45. Ra6+ Kf7 46. Kf5 Kg7 47. Ra7+ Kh6 48. Ne4 Kh5 49. Rh7# 1-0

[Event "Gatineau op U1600"]
[Site "Gatineau CAN"]
[Date "2013.03.03"]
[Round "4"]
[White "Traversy, Pierre"]
[Black "Latreille, Etienne"]
[Result "0-1"]
[WhiteElo "859"]
[BlackElo "1046"]
[PlyCount "50"]
[GameId "2160767909381531"]
[EventDate "2013.03.01"]
[EventType "swiss"]
[EventRounds "5"]
[EventCountry "CAN"]
[SourceTitle "EXT 2022"]
[Source "ChessBase"]
[SourceDate "2021.10.06"]
[SourceVersion "1"]
[SourceVersionDate "2021.10.06"]
[SourceQuality "1"]

1. e4 e5 2. Nc3 c6 3. Nf3 d6 4. d4 Qc7 5. Bc4 h6 6. d5 Nf6 7. h3 b5 8. Bb3 b4 9. dxc6 bxc3 10. Bd5 Nxc6 11. b4 Rb8 12. a3 Ba6 13. Be3 Be7 14. Bxa7 Nxa7 15. Nh4 Nxd5 16. Qxd5 Bxh4 17. g3 Bg5 18. Rb1 Bc4 19. Qd1 Bd2+ 20. Qxd2 cxd2+ 21. Kxd2 Qb6 22. Ke1 Qd4 23. Rh2 Nb5 24. Rd1 Qc3+ 25. Rd2 Nd4 0-1

[Event "Gatineau op U1600"]
[Site "Gatineau CAN"]
[Date "2013.03.03"]
[Round "5"]
[White "Godbout, Alain J"]
[Black "Simard, Paul"]
[Result "1-0"]
[WhiteElo "1310"]
[BlackElo "1046"]
[PlyCount "103"]
[GameId "2160767909381532"]
[EventDate "2013.03.01"]
[EventType "swiss"]
[EventRounds "5"]
[EventCountry "CAN"]
[SourceTitle "EXT 2022"]
[Source "ChessBase"]
[SourceDate "2021.10.06"]
[SourceVersion "1"]
[SourceVersionDate "2021.10.06"]
[SourceQuality "1"]

1. d4 d5 2. c4 e6 3. Nc3 Bb4 4. Nf3 Nf6 5. Bg5 h6 6. Bd2 O-O 7. e3 c5 8. a3 Bxc3 9. Bxc3 Nc6 10. dxc5 Ne4 11. Bd4 Nxd4 12. Qxd4 Qa5+ 13. b4 Qd8 14. Bd3 Qf6 15. Bxe4 dxe4 16. Qxf6 gxf6 17. Nd4 e5 18. Nb5 Rd8 19. O-O Bg4 20. Nd6 b6 21. Nxe4 Kg7 22. c6 Rac8 23. b5 f5 24. Nc3 Rd2 25. Nd5 Kf8 26. f3 Bh5 27. Nf6 Bg6 28. Nd7+ Rxd7 29. cxd7 Rd8 30. Rfd1 f4 31. e4 f5 32. Rd5 fxe4 33. Rad1 exf3 34. Rxe5 Kf7 35. gxf3 Bh5 36. Rxh5 Rg8+ 37. Kf2 Ke7 38. Rxh6 Rd8 39. Rh7+ Ke6 40. Re1+ Kd6 41. Re8 Rxd7 42. Rxd7+ Kxd7 43. Re4 Kd6 44. Rxf4 Kc5 45. h4 Kd6 46. h5 Ke5 47. Rf8 Kd4 48. h6 Kxc4 49. h7 Kxb5 50. h8=Q Ka4 51. Qb2 a5 52. Rf4# 1-0

[Event "Gatineau op U1600"]
[Site "Gatineau CAN"]
[Date "2013.03.03"]
[Round "5"]
[White "Ketata, Nabil"]
[Black "Traversy, Pierre"]
[Result "1-0"]
[WhiteElo "926"]
[BlackElo "859"]
[PlyCount "51"]
[GameId "2160767909381533"]
[EventDate "2013.03.01"]
[EventType "swiss"]
[EventRounds "5"]
[EventCountry "CAN"]
[SourceTitle "EXT 2022"]
[Source "ChessBase"]
[SourceDate "2021.10.06"]
[SourceVersion "1"]
[SourceVersionDate "2021.10.06"]
[SourceQuality "1"]

1. d4 Nf6 2. Nc3 e6 3. Bg5 Bb4 4. Nf3 d6 5. e4 h6 6. Bh4 g5 7. Bg3 Nh5 8. Bb5+ Nd7 9. Qd3 Nxg3 10. hxg3 c6 11. d5 cxb5 12. O-O-O e5 13. Nxb5 Nc5 14. Qc4 Na6 15. a3 Bc5 16. Qa4 O-O 17. Rxh6 Kg7 18. Rdh1 Rg8 19. R1h5 f6 20. Rh7+ Kf8 21. Rh8 Bd7 22. b4 Bxf2 23. Qb3 Bxb5 24. Nxg5 fxg5 25. Qf3+ Ke8 26. Rxg8+ 1-0

[Event "Gatineau op U1600"]
[Site "Gatineau CAN"]
[Date "2013.03.03"]
[Round "5"]
[White "Labelle, Julien Sylvain"]
[Black "Legare, Gilles"]
[Result "0-1"]
[WhiteElo "928"]
[BlackElo "1056"]
[PlyCount "38"]
[GameId "2160767909381534"]
[EventDate "2013.03.01"]
[EventType "swiss"]
[EventRounds "5"]
[EventCountry "CAN"]
[SourceTitle "EXT 2022"]
[Source "ChessBase"]
[SourceDate "2021.10.06"]
[SourceVersion "1"]
[SourceVersionDate "2021.10.06"]
[SourceQuality "1"]

1. e4 e5 2. Nf3 Nc6 3. Bd3 Bc5 4. Bc4 Nf6 5. Ng5 O-O 6. Bxf7+ Rxf7 7. Nxf7 Kxf7 8. Qf3 Bf8 9. d3 d6 10. Bg5 Nd4 11. Qe3 Nxc2+ 12. Ke2 Nxe3 13. Bxe3 Bg4+ 14. f3 d5 15. Nd2 d4 16. fxg4 dxe3 17. g5 Ng4 18. Raf1+ Kg8 19. h3 Qd7 0-1

[Event "Gatineau op U1600"]
[Site "Gatineau CAN"]
[Date "2013.03.03"]
[Round "5"]
[White "Latreille, Etienne"]
[Black "Senecal, Jean-Pierre"]
[Result "1-0"]
[WhiteElo "1046"]
[BlackElo "1509"]
[PlyCount "85"]
[GameId "2160767909381535"]
[EventDate "2013.03.01"]
[EventType "swiss"]
[EventRounds "5"]
[EventCountry "CAN"]
[SourceTitle "EXT 2022"]
[Source "ChessBase"]
[SourceDate "2021.10.06"]
[SourceVersion "1"]
[SourceVersionDate "2021.10.06"]
[SourceQuality "1"]

1. e4 e5 2. Bc4 Bc5 3. Nf3 d6 4. d4 exd4 5. Ng5 Nh6 6. Qf3 O-O 7. Nh3 Bg4 8. Qg3 Bxh3 9. Bxh6 Qf6 10. Bg5 Qg6 11. Bd3 h6 12. Qxh3 Qxg5 13. O-O Nc6 14. Kh1 Ne5 15. f4 Qf6 16. fxe5 Qxe5 17. Rf3 Rae8 18. Rg3 Kh8 19. Nd2 a6 20. Rf1 b5 21. Rf5 Qe6 22. Qg4 Qg6 23. Qf4 Qe6 24. a4 bxa4 25. Bc4 Qe7 26. Bxf7 Rb8 27. Be6 Rxf5 28. Qxf5 Rf8 29. Qg4 a3 30. bxa3 d5 31. h3 Bxa3 32. Rf3 Bc5 33. Rxf8+ Qxf8 34. Nb3 Bd6 35. Kg1 c5 36. exd5 Bf4 37. Qe2 Be3+ 38. Kh1 Qd6 39. Bf5 Qxd5 40. Bd3 Qd7 41. Qg4 Qb7 42. Qf5 g5 43. Qf8# 1-0

[Event "Gatineau op U1600"]
[Site "Gatineau CAN"]
[Date "2013.03.03"]
[Round "5"]
[White "Lukezich, John"]
[Black "Barlow Wilkes, Curtis"]
[Result "1/2-1/2"]
[WhiteElo "1380"]
[BlackElo "1490"]
[PlyCount "100"]
[GameId "2160767909381536"]
[EventDate "2013.03.01"]
[EventType "swiss"]
[EventRounds "5"]
[EventCountry "CAN"]
[SourceTitle "EXT 2022"]
[Source "ChessBase"]
[SourceDate "2021.10.06"]
[SourceVersion "1"]
[SourceVersionDate "2021.10.06"]
[SourceQuality "1"]

1. e4 e6 2. d4 d5 3. exd5 exd5 4. Nf3 Bd6 5. Nc3 Nf6 6. Bg5 c6 7. Bd3 Bg4 8. h3 Bh5 9. g4 Bg6 10. Qe2+ Qe7 11. Qxe7+ Bxe7 12. Bxf6 Bxf6 13. Bxg6 hxg6 14. O-O-O Na6 15. g5 Be7 16. Rde1 f6 17. Re2 Kf7 18. Rhe1 Rae8 19. h4 Nc7 20. Kd2 Bd6 21. gxf6 Rxe2+ 22. Rxe2 gxf6 23. a3 Ne6 24. Re1 Nf4 25. Rh1 Ng2 26. Ne2 Nf4 27. Nxf4 Bxf4+ 28. Kd1 Rh5 29. Rg1 g5 30. hxg5 fxg5 31. b3 Kf6 32. Ne1 b5 33. Nd3 Bd6 34. b4 Rh4 35. c3 Kf5 36. Rf1 Rh3 37. Ke2 Ke4 38. f3+ Kf5 39. Nf2 Rh2 40. Rg1 Bf4 41. Kf1 Be3 42. Rg2 Rxg2 43. Kxg2 Bxf2 44. Kxf2 Kf4 45. Ke2 g4 46. fxg4 Kxg4 47. Kf2 Kf4 48. Ke2 Ke4 49. Kd2 Kf3 50. Kd3 Kf2 1/2-1/2